[Event "Arco op 40th"]
[Site "Arco"]
[Date "2018.10.13"]
[Round "1"]
[White "Verrascina, Roberto"]
[Black "Bacchelli, Andrea"]
[Result "1/2-1/2"]
[WhiteElo "2122"]
[BlackElo "1745"]
[PlyCount "69"]
[EventDate "2018.10.13"]
[EventType "swiss"]
[EventRounds "9"]
[EventCountry "ITA"]
[SourceTitle "CBM 186 Extra"]
[Source "ChessBase"]
[SourceDate "2018.08.24"]
[SourceVersion "1"]
[SourceVersionDate "2018.08.24"]
[SourceQuality "1"]

1. d4 d5 2. Bg5 Nd7 3. c4 c6 4. Nc3 Ngf6 5. cxd5 cxd5 6. e3 a6 7. Nf3 e6 8. Be2 Be7 9. 0-0 0-0 10. Rc1 b5 11. Ne5 Bb7 12. f4 Rc8 13. Bd3 Nb6 14. Qf3 Rc7 15. Bxf6 Bxf6 16. Ne2 Nc4 17. Rc2 Qe7 18. Ng4 Rfc8 19. Ng3 g6 20. Nxf6+ Qxf6 21. Re2 Qe7 22. e4 dxe4 23. Bxe4 Bxe4 24. Qxe4 Qd8 25. b3 Nd6 26. Qe5 Rc2 27. Rd1 Qb6 28. h4 Rxe2 29. Nxe2 Nf5 30. Qf6 Rc2 31. Kf2 Nd6 32. Kf3 h5 33. d5 Nf5 34. Nd4 Rc3+ 35. Kf2 1/2-1/2